[Event "FICGS class SM 000016 email"]
[Site "FICGS email"]
[Date "2011.12.07"]
[Round "1"]
[White "Horvath, Alexander"]
[Black "Mueller, Robert"]
[Result "0-1"]
[WhiteElo "2492"]
[BlackElo "2408"]
[PlyCount "70"]
[EventDate "2011.??.??"]
[EventType "tourn (corr)"]
[EventRounds "6"]
[EventCategory "7"]
[SourceTitle "Corr 2022"]
[Source "ChessBase"]
[SourceDate "2021.10.24"]
[SourceVersion "1"]
[SourceVersionDate "2021.10.24"]
[SourceQuality "1"]

1. e4 c5 2. Nf3 d6 3. d4 cxd4 4. Nxd4 Nf6 5. Nc3 a6 6. Be3 e5 7. Nb3 Be6 8. f3 h5 9. Nd5 Bxd5 10. exd5 Nbd7 11. Qd2 g6 12. Be2 Bg7 13. 0-0 0-0 14. Na5 Qc7 15. c4 e4 16. f4 Ng4 17. Bxg4 hxg4 18. Rab1 Nc5 19. f5 gxf5 20. b4 Nd3 21. Rxf5 Rae8 22. Qe2 Ne5 23. Bf4 Qd7 24. Bxe5 Qxf5 25. Bxg7 Kxg7 26. Nxb7 Qg6 27. c5 dxc5 28. bxc5 e3 29. Rc1 Re5 30. d6 g3 31. d7 Qf5 32. hxg3 Qxd7 33. Nd6 Qe6 34. g4 Kg8 35. Nf5 Rd8 0-1

[Event "FICGS class SM 000016 email"]
[Site "FICGS email"]
[Date "2011.12.07"]
[Round "1"]
[White "Mueller, Robert"]
[Black "De Vassal, Thibault"]
[Result "1/2-1/2"]
[WhiteElo "2408"]
[BlackElo "2449"]
[PlyCount "53"]
[EventDate "2011.??.??"]
[EventType "tourn (corr)"]
[EventRounds "6"]
[EventCategory "7"]
[SourceTitle "Corr 2022"]
[Source "ChessBase"]
[SourceDate "2021.10.24"]
[SourceVersion "1"]
[SourceVersionDate "2021.10.24"]
[SourceQuality "1"]

1. e4 c5 2. Nf3 d6 3. d4 cxd4 4. Nxd4 Nf6 5. Nc3 a6 6. Be3 e5 7. Nb3 Be6 8. f3 Be7 9. Qd2 0-0 10. 0-0-0 Nbd7 11. g4 b5 12. g5 b4 13. gxf6 bxc3 14. Qxc3 Nxf6 15. Na5 Rc8 16. Nc6 Qc7 17. Nxe7+ Qxe7 18. Qa5 Rc6 19. Kb1 Rfc8 20. b3 Nh5 21. Rg1 Nf4 22. Bxf4 exf4 23. Rg2 g6 24. Rgd2 h6 25. Bd3 Qf6 26. Be2 Qe5 27. Qxe5 1/2-1/2

[Event "FICGS class SM 000014 email"]
[Site "FICGS email"]
[Date "2011.02.18"]
[Round "1"]
[White "Alaguzov, Maxat"]
[Black "Mueller, Robert"]
[Result "1/2-1/2"]
[WhiteElo "2415"]
[BlackElo "2465"]
[PlyCount "33"]
[EventDate "2011.??.??"]
[EventType "tourn (corr)"]
[EventRounds "6"]
[EventCategory "7"]
[SourceTitle "Corr 2013"]
[Source "ChessBase"]
[SourceDate "2012.11.12"]
[SourceVersion "1"]
[SourceVersionDate "2012.11.12"]
[SourceQuality "1"]

1. e4 c5 2. Nf3 Nc6 3. d4 cxd4 4. Nxd4 Nf6 5. Nc3 e5 6. Ndb5 d6 7. Bg5 a6 8. Na3 b5 9. Nd5 Be7 10. Bxf6 Bxf6 11. c3 Bg5 12. Nc2 Rb8 13. a4 bxa4 14. Nce3 0-0 15. Qxa4 Bxe3 16. Nxe3 Ne7 17. Qa2 1/2-1/2

[Event "FICGS class SM 000014 email"]
[Site "FICGS email"]
[Date "2011.02.18"]
[Round "1"]
[White "Mueller, Robert"]
[Black "Boehme, Sebastian"]
[Result "1-0"]
[WhiteElo "2465"]
[BlackElo "2327"]
[PlyCount "79"]
[EventDate "2011.??.??"]
[EventType "tourn (corr)"]
[EventRounds "6"]
[EventCategory "7"]
[SourceTitle "Corr 2013"]
[Source "ChessBase"]
[SourceDate "2012.11.12"]
[SourceVersion "1"]
[SourceVersionDate "2012.11.12"]
[SourceQuality "1"]

1. e4 c5 2. c3 Nf6 3. e5 Nd5 4. Nf3 Nc6 5. Bc4 Nb6 6. Bb3 c4 7. Bc2 d5 8. exd6 e5 9. 0-0 Be6 10. a4 Qxd6 11. Ng5 Bd5 12. a5 Nd7 13. d3 Nc5 14. d4 exd4 15. Re1+ Be7 16. cxd4 Nb3 17. Bxb3 cxb3 18. Ne4 Bxe4 19. Rxe4 Rd8 20. Bg5 f6 21. Bf4 Qb4 22. Be3 0-0 23. Nc3 f5 24. Ra4 Qxa4 25. Nxa4 fxe4 26. Qxb3+ Rf7 27. Nc3 Nxd4 28. Qa4 Nf5 29. Bxa7 Rd2 30. g4 Nh4 31. Qe8+ Bf8 32. Qb5 Nf3+ 33. Kg2 Ne1+ 34. Kf1 Nf3 35. Be3 Rdd7 36. Kg2 Ne1+ 37. Kh1 h6 38. Nxe4 Nf3 39. Qa4 Rd3 40. Qc4 1-0

[Event "FICGS class SM 000014 email"]
[Site "FICGS email"]
[Date "2011.02.18"]
[Round "1"]
[White "Podgursky, Artur"]
[Black "Mueller, Robert"]
[Result "1/2-1/2"]
[WhiteElo "2407"]
[BlackElo "2465"]
[PlyCount "39"]
[EventDate "2011.??.??"]
[EventType "tourn (corr)"]
[EventRounds "6"]
[EventCategory "7"]
[SourceTitle "Corr 2013"]
[Source "ChessBase"]
[SourceDate "2012.11.12"]
[SourceVersion "1"]
[SourceVersionDate "2012.11.12"]
[SourceQuality "1"]

1. e4 c5 2. Nf3 d6 3. d4 cxd4 4. Nxd4 Nf6 5. Nc3 a6 6. Be3 e5 7. Nb3 Be6 8. f3 Nbd7 9. g4 b5 10. a3 Nb6 11. g5 Nh5 12. Na5 Qc7 13. Qd2 Be7 14. 0-0-0 0-0 15. h4 Rab8 16. Rh2 g6 17. Kb1 Nc4 18. Nxc4 bxc4 19. Ka1 Rfe8 20. Nd5 1/2-1/2

[Event "FICGS class SM 000013 email"]
[Site "FICGS email"]
[Date "2011.01.09"]
[Round "1"]
[White "Mueller, Robert"]
[Black "De Vassal, Thibault"]
[Result "1-0"]
[WhiteElo "2465"]
[BlackElo "2341"]
[PlyCount "95"]
[EventDate "2011.??.??"]
[EventType "tourn (corr)"]
[EventRounds "6"]
[EventCategory "7"]
[SourceTitle "Corr 2013"]
[Source "ChessBase"]
[SourceDate "2012.11.12"]
[SourceVersion "1"]
[SourceVersionDate "2012.11.12"]
[SourceQuality "1"]

1. e4 e6 2. Nc3 d5 3. d4 Nf6 4. e5 Nfd7 5. f4 c5 6. Nf3 Nc6 7. Be3 cxd4 8. Nxd4 Bc5 9. Qd2 Nxd4 10. Bxd4 Bxd4 11. Qxd4 Qb6 12. Nb5 Qxd4 13. Nxd4 Ke7 14. h4 Nc5 15. Bd3 Bd7 16. h5 Raf8 17. Kd2 f6 18. Ke3 fxe5 19. fxe5 a6 20. Rh4 Be8 21. Rah1 Rfg8 22. Rg4 Bf7 23. b3 Nd7 24. Nf3 h6 25. Rh3 a5 26. Ra4 b6 27. Rg4 Kd8 28. Bg6 Ke7 29. Bxf7 Kxf7 30. Rhg3 Rh7 31. c4 dxc4 32. Rxc4 g5 33. Rc7 Rd8 34. Nh2 Kg8 35. Ng4 Kh8 36. Rf3 Rb8 37. Rc6 Re7 38. Kd4 Kh7 39. Ke4 Nf8 40. Rf6 a4 41. bxa4 Ra8 42. Kf3 Kg7 43. Rc4 Rd8 44. Nxh6 Rd5 45. Ng4 Rc5 46. Rxc5 bxc5 47. Nf2 Ra7 48. Ne4 1-0

[Event "FICGS class SM 000013 email"]
[Site "FICGS email"]
[Date "2011.01.09"]
[Round "1"]
[White "Riccio, Eros"]
[Black "Mueller, Robert"]
[Result "1-0"]
[WhiteElo "2516"]
[BlackElo "2465"]
[PlyCount "55"]
[EventDate "2011.??.??"]
[EventType "tourn (corr)"]
[EventRounds "6"]
[EventCategory "7"]
[SourceTitle "Corr 2013"]
[Source "ChessBase"]
[SourceDate "2012.11.12"]
[SourceVersion "1"]
[SourceVersionDate "2012.11.12"]
[SourceQuality "1"]

1. e4 e6 2. d4 d5 3. Nc3 Nf6 4. e5 Nfd7 5. f4 c5 6. Nf3 Nc6 7. Be3 a6 8. Qd2 Be7 9. Be2 b5 10. 0-0 0-0 11. Nd1 b4 12. Nf2 Qb6 13. c3 a5 14. Nd3 c4 15. Nf2 Qa7 16. Bd1 a4 17. a3 bxa3 18. bxa3 Rb8 19. Bc2 Rd8 20. g4 Kh8 21. Ng5 Bxg5 22. fxg5 Nf8 23. Nh3 g6 24. Rf3 Rb2 25. Raf1 Rd7 26. Nf4 Ra2 27. h4 Qb6 28. Nh5 1-0

[Event "FICGS rapid SM 000007 email"]
[Site "FICGS email"]
[Date "2010.11.01"]
[Round "1"]
[White "Mueller, Robert"]
[Black "Boehme, Sebastian"]
[Result "1-0"]
[WhiteElo "2476"]
[BlackElo "2300"]
[PlyCount "93"]
[EventDate "2010.??.??"]
[EventType "tourn (rapid)"]
[EventRounds "6"]
[EventCategory "3"]
[SourceTitle "Corr 2013"]
[Source "ChessBase"]
[SourceDate "2012.11.12"]
[SourceVersion "1"]
[SourceVersionDate "2012.11.12"]
[SourceQuality "1"]

1. e4 e5 2. Nf3 Nc6 3. Bb5 a6 4. Ba4 Nf6 5. 0-0 Be7 6. Bxc6 dxc6 7. Re1 Bg4 8. h3 Bh5 9. d3 Nd7 10. Be3 0-0 11. Nbd2 Bd6 12. c3 h6 13. g3 Re8 14. Qc2 Bf8 15. Kg2 Bg6 16. a4 c5 17. Nc4 b6 18. b3 Qf6 19. Bd2 Qe6 20. Ne3 Rad8 21. a5 b5 22. c4 c6 23. Bc3 Bd6 24. Nh4 Bh7 25. Bb2 Rb8 26. Red1 Rb7 27. Nhf5 Bc7 28. Ba3 Reb8 29. Qe2 Bd8 30. Ra2 Kh8 31. Qf3 h5 32. Bc1 g6 33. Nh6 Nf6 34. g4 Kg7 35. Nf1 bxc4 36. bxc4 Rb3 37. Nh2 Rc3 38. Be3 Qe7 39. Qg3 h4 40. Qf3 Ng8 41. Qe2 Nxh6 42. Bxh6+ Kg8 43. Rb2 Rb4 44. Nf3 Ra3 45. Rxb4 cxb4 46. d4 exd4 47. Rxd4 1-0

[Event "FICGS rapid SM 000006 email"]
[Site "FICGS email"]
[Date "2010.07.17"]
[Round "1"]
[White "Boehme, Sebastian"]
[Black "Mueller, Robert"]
[Result "1/2-1/2"]
[WhiteElo "2279"]
[BlackElo "2451"]
[PlyCount "86"]
[EventDate "2010.??.??"]
[EventType "tourn (rapid)"]
[EventRounds "5"]
[EventCategory "6"]
[SourceTitle "Corr 2013"]
[Source "ChessBase"]
[SourceDate "2012.11.12"]
[SourceVersion "1"]
[SourceVersionDate "2012.11.12"]
[SourceQuality "1"]

1. e4 c5 2. Nf3 d6 3. d4 cxd4 4. Nxd4 Nf6 5. Nc3 a6 6. Be3 e5 7. Nb3 Be6 8. f3 Nbd7 9. Qd2 b5 10. a4 b4 11. Nd5 Bxd5 12. exd5 Nb6 13. Bxb6 Qxb6 14. a5 Qb7 15. 0-0-0 Be7 16. g4 0-0 17. h4 Rab8 18. Kb1 Rfc8 19. h5 h6 20. Bd3 Kf8 21. Qe2 Ra8 22. f4 exf4 23. Rhf1 Ng8 24. Qe4 Bg5 25. Qh7 Qe7 26. Nd4 b3 27. cxb3 Re8 28. Qh8 Qf6 29. b4 g6 30. Qxf6 Nxf6 31. hxg6 Nxg4 32. Rc1 Ne5 33. gxf7 Kxf7 34. Rc7+ Kf6 35. Be2 Reb8 36. Nc6 Re8 37. Ra7 Rxa7 38. Nxa7 f3 39. Nc6 Nxc6 40. Bxf3 Ne5 41. Bh5+ Ke7 42. Bxe8 Kxe8 43. Ka2 Kd7 1/2-1/2

[Event "FICGS rapid SM 000006 email"]
[Site "FICGS email"]
[Date "2010.07.17"]
[Round "1"]
[White "Mueller, Robert"]
[Black "Lemekhov, Yura"]
[Result "1/2-1/2"]
[WhiteElo "2451"]
[BlackElo "2347"]
[PlyCount "54"]
[EventDate "2010.??.??"]
[EventType "tourn (rapid)"]
[EventRounds "5"]
[EventCategory "6"]
[SourceTitle "Corr 2013"]
[Source "ChessBase"]
[SourceDate "2012.11.12"]
[SourceVersion "1"]
[SourceVersionDate "2012.11.12"]
[SourceQuality "1"]

1. e4 c5 2. Nf3 d6 3. d4 cxd4 4. Nxd4 Nf6 5. Nc3 a6 6. Be2 e5 7. Nb3 Be7 8. 0-0 0-0 9. Be3 Be6 10. Qd2 Nbd7 11. a4 Rc8 12. a5 Qc7 13. Rfd1 Rfd8 14. Nc1 h6 15. h3 Nc5 16. Bf3 Nh7 17. N1e2 Ng5 18. Bxg5 Bxg5 19. Nd5 Bxd2 20. Nxc7 Rxc7 21. Rxd2 Kf8 22. Nc3 Ke7 23. Be2 Rb8 24. f3 g6 25. Na4 Nxa4 26. Rxa4 Bd7 27. Ra1 Be6 1/2-1/2

[Event "FICGS rapid SM 000006 email"]
[Site "FICGS email"]
[Date "2010.07.17"]
[Round "1"]
[White "Mueller, Robert"]
[Black "Toth, Bela"]
[Result "1-0"]
[WhiteElo "2451"]
[BlackElo "2632"]
[PlyCount "65"]
[EventDate "2010.??.??"]
[EventType "tourn (rapid)"]
[EventRounds "5"]
[EventCategory "6"]
[SourceTitle "Corr 2013"]
[Source "ChessBase"]
[SourceDate "2012.11.12"]
[SourceVersion "1"]
[SourceVersionDate "2012.11.12"]
[SourceQuality "1"]

1. e4 c5 2. Nf3 d6 3. d4 cxd4 4. Nxd4 Nf6 5. Nc3 a6 6. Be2 e6 7. 0-0 Be7 8. f4 0-0 9. Be3 Nc6 10. a4 Qc7 11. Kh1 Re8 12. Bf3 Na5 13. g4 Bf8 14. g5 Nd7 15. Bg2 b6 16. Qf3 Nc4 17. Bc1 Bb7 18. f5 Nce5 19. Qh3 Nc5 20. g6 hxg6 21. Nf3 Nxf3 22. fxg6 fxg6 23. Qxf3 Re7 24. Qg4 Nd7 25. Bf4 g5 26. Bxg5 Ne5 27. Qh3 Ree8 28. Rf4 g6 29. Rh4 Bg7 30. Rf1 Nd7 31. Nd1 a5 32. Ne3 Ne5 33. Rff4 1-0

[Event "FICGS rapid silver 000020 email"]
[Site "FICGS email"]
[Date "2010.06.13"]
[Round "1"]
[White "Wosch, Arkadiusz Janusz"]
[Black "Mueller, Robert"]
[Result "1/2-1/2"]
[WhiteElo "2155"]
[BlackElo "2446"]
[PlyCount "47"]
[EventDate "2010.??.??"]
[EventType "match (rapid)"]
[EventRounds "2"]
[SourceTitle "Corr 2013"]
[Source "ChessBase"]
[SourceDate "2012.11.12"]
[SourceVersion "1"]
[SourceVersionDate "2012.11.12"]
[SourceQuality "1"]

1. e4 c5 2. Nf3 d6 3. d4 cxd4 4. Nxd4 Nf6 5. Nc3 a6 6. Be2 e5 7. Nb3 Be7 8. 0-0 0-0 9. Be3 Be6 10. Qd2 Nbd7 11. a4 Nb6 12. a5 Nc4 13. Bxc4 Bxc4 14. Rfd1 Rc8 15. Nc1 d5 16. Bb6 Qe8 17. Nxd5 Nxe4 18. Nxe7+ Qxe7 19. Qe1 f5 20. b3 Bf7 21. c4 Bh5 22. Rd5 Bf7 23. Rd1 Bh5 24. Rd5 1/2-1/2

[Event "FICGS class SM 000012 email"]
[Site "FICGS email"]
[Date "2010.03.07"]
[Round "1"]
[White "Mueller, Robert"]
[Black "Bezemer, Arno J"]
[Result "1-0"]
[WhiteElo "2383"]
[BlackElo "2417"]
[PlyCount "55"]
[EventDate "2010.??.??"]
[EventType "tourn (corr)"]
[EventRounds "6"]
[EventCategory "8"]
[SourceTitle "Corr 2013"]
[Source "ChessBase"]
[SourceDate "2012.11.12"]
[SourceVersion "1"]
[SourceVersionDate "2012.11.12"]
[SourceQuality "1"]

1. e4 Nf6 2. e5 Nd5 3. c4 Nb6 4. d4 d6 5. exd6 cxd6 6. Nc3 g6 7. Nf3 Bg7 8. h3 0-0 9. Be2 Nc6 10. 0-0 Bf5 11. Re1 Re8 12. Bf1 h6 13. g4 Bc8 14. a4 a6 15. a5 Nd7 16. d5 Nce5 17. Nd4 Qc7 18. b3 g5 19. Nf5 Ng6 20. Nxg7 Kxg7 21. Ne2 Nde5 22. Bg2 f6 23. f4 Nxf4 24. Nxf4 gxf4 25. Bxf4 Rh8 26. Qd2 Bd7 27. Rac1 Be8 28. c5 1-0

[Event "FICGS class SM 000012 email"]
[Site "FICGS email"]
[Date "2010.03.07"]
[Round "1"]
[White "Mueller, Robert"]
[Black "Nadanian, Ashot"]
[Result "1-0"]
[WhiteElo "2383"]
[BlackElo "2433"]
[PlyCount "79"]
[EventDate "2010.??.??"]
[EventType "tourn (corr)"]
[EventRounds "6"]
[EventCategory "8"]
[SourceTitle "Corr 2013"]
[Source "ChessBase"]
[SourceDate "2012.11.12"]
[SourceVersion "1"]
[SourceVersionDate "2012.11.12"]
[SourceQuality "1"]

1. e4 d5 2. exd5 Qxd5 3. Nc3 Qd6 4. Nf3 Nf6 5. d4 c6 6. Be3 Bg4 7. h3 Bh5 8. Qd2 Bxf3 9. gxf3 e6 10. 0-0-0 Nbd7 11. Rg1 g6 12. Ne4 Qb4 13. c3 Qa5 14. Kb1 Be7 15. Bf4 0-0 16. Bg5 Rfe8 17. h4 Qf5 18. Bd3 Qxf3 19. Rde1 Nd5 20. Rg3 Bxg5 21. hxg5 Qf4 22. Qd1 f5 23. gxf6 N7xf6 24. c4 Nxe4 25. Rxe4 Qxf2 26. Rf3 Qh2 27. a3 Qg2 28. cxd5 exd5 29. Rh4 Re7 30. Rhh3 Rae8 31. Ka2 Rg7 32. Qc1 Qg4 33. Qh6 Ree7 34. Rf4 Qe6 35. Qh4 Re8 36. Rf6 Qe1 37. Qh6 Re6 38. Rf1 Qa5 39. Bf5 Rf6 40. Re3 1-0

[Event "FICGS class SM 000012 email"]
[Site "FICGS email"]
[Date "2010.03.07"]
[Round "1"]
[White "Szczepanski, Zbigniew"]
[Black "Mueller, Robert"]
[Result "1/2-1/2"]
[WhiteElo "2580"]
[BlackElo "2383"]
[PlyCount "49"]
[EventDate "2010.??.??"]
[EventType "tourn (corr)"]
[EventRounds "6"]
[EventCategory "8"]
[SourceTitle "Corr 2013"]
[Source "ChessBase"]
[SourceDate "2012.11.12"]
[SourceVersion "1"]
[SourceVersionDate "2012.11.12"]
[SourceQuality "1"]

1. c4 e5 2. g3 Nf6 3. Bg2 Bc5 4. Nc3 Nc6 5. a3 a6 6. e3 0-0 7. Nge2 d6 8. Qc2 Ba7 9. 0-0 Ne7 10. d4 Bf5 11. e4 Be6 12. dxe5 dxe5 13. Nd5 Nexd5 14. exd5 Bg4 15. Re1 Qd7 16. b4 Bf5 17. Qb3 Bh3 18. Nc3 Bxg2 19. Kxg2 c6 20. c5 b6 21. cxb6 Bxb6 22. Be3 Bxe3 23. Rxe3 cxd5 24. Rxe5 Rfe8 25. Rxe8+ 1/2-1/2

[Event "FICGS W-ch st2 g01 email"]
[Site "FICGS email"]
[Date "2009.11.03"]
[Round "1"]
[White "Kragujevcanin, Stole"]
[Black "Mueller, Robert"]
[Result "1/2-1/2"]
[WhiteElo "1956"]
[BlackElo "2398"]
[PlyCount "115"]
[EventDate "2009.??.??"]
[EventType "tourn (corr)"]
[EventRounds "8"]
[SourceTitle "Corr 2022"]
[Source "ChessBase"]
[SourceDate "2021.10.24"]
[SourceVersion "1"]
[SourceVersionDate "2021.10.24"]
[SourceQuality "1"]

1. e4 c5 2. Nf3 d6 3. d4 cxd4 4. Nxd4 Nf6 5. Nc3 a6 6. Bc4 e6 7. 0-0 Be7 8. Qf3 Qc7 9. Be2 b5 10. b4 0-0 11. Qg3 Bd7 12. a3 Nc6 13. Nxc6 Bxc6 14. Bb2 Qb7 15. Bd3 Rac8 16. f4 g6 17. Rae1 Nh5 18. Qf2 Bd8 19. Ne2 f6 20. Bd4 Ng7 21. Ng3 h5 22. c3 h4 23. Ne2 Bxe4 24. Bxe4 Qxe4 25. Qxh4 e5 26. Bf2 g5 27. Qh3 Rc4 28. fxg5 fxg5 29. Qh6 Be7 30. Qh3 Rf7 31. Qd7 Qc6 32. Qxc6 Rxc6 33. a4 Ne6 34. axb5 axb5 35. Rd1 Nf4 36. Nxf4 gxf4 37. Be1 Kg7 38. Rd5 Rb6 39. Bf2 Rb7 40. Ra1 Rf8 41. Ra5 Rfb8 42. g3 fxg3 43. Bxg3 Kf7 44. Rd3 Ke6 45. Kf1 Rh8 46. Ra6 Rbb8 47. Ra5 Bd8 48. Ra2 Rb6 49. Ra5 Bf6 50. Bf2 Rc6 51. Rxb5 e4 52. Re3 Rc4 53. Be1 Rxh2 54. Rb8 Rc2 55. Re8+ Kd5 56. b5 Rc1 57. Kg2 Rc2+ 58. Kf1 1/2-1/2

[Event "FICGS W-ch st2 g01 email"]
[Site "FICGS email"]
[Date "2009.11.03"]
[Round "1"]
[White "Mueller, Robert"]
[Black "Kuhne, Detlev"]
[Result "1/2-1/2"]
[WhiteElo "2398"]
[BlackElo "2202"]
[PlyCount "78"]
[EventDate "2009.??.??"]
[EventType "tourn (corr)"]
[EventRounds "8"]
[SourceTitle "Corr 2022"]
[Source "ChessBase"]
[SourceDate "2021.10.24"]
[SourceVersion "1"]
[SourceVersionDate "2021.10.24"]
[SourceQuality "1"]

1. e4 c5 2. Nf3 d6 3. d4 cxd4 4. Nxd4 Nf6 5. Nc3 a6 6. Be3 e5 7. Nb3 Be6 8. f3 h5 9. Nd5 Bxd5 10. exd5 Nbd7 11. Qd2 g6 12. Be2 Bg7 13. 0-0 0-0 14. h3 Qc7 15. c4 Rfe8 16. Rac1 b6 17. Na1 h4 18. Qe1 Nh5 19. Qxh4 Bf6 20. Qf2 Qd8 21. Bd3 Bh4 22. Qd2 Bg3 23. Rc3 Bf4 24. Rd1 Qg5 25. Bf1 Qg3 26. Bxf4 Nxf4 27. Kh1 f5 28. Nc2 Kg7 29. Nb4 Rh8 30. Qe1 Qg5 31. Kh2 a5 32. Nc6 Rh5 33. Rdc1 Qh6 34. Kg1 Rh8 35. R1c2 Qg5 36. Kh1 Nc5 37. Kh2 Qh6 38. Kg1 Rg5 39. Kh1 Rh5 1/2-1/2

[Event "FICGS class SM 000011 email"]
[Site "FICGS email"]
[Date "2009.09.29"]
[Round "1"]
[White "Mueller, Robert"]
[Black "Rotaru, Dan"]
[Result "1/2-1/2"]
[WhiteElo "2391"]
[BlackElo "2395"]
[PlyCount "83"]
[EventDate "2009.??.??"]
[EventType "tourn (corr)"]
[EventRounds "6"]
[EventCategory "7"]
[SourceTitle "Corr 2022"]
[Source "ChessBase"]
[SourceDate "2021.10.24"]
[SourceVersion "1"]
[SourceVersionDate "2021.10.24"]
[SourceQuality "1"]

1. e4 c6 2. d4 d5 3. e5 c5 4. Nf3 Bg4 5. dxc5 Nc6 6. Bb5 Qa5+ 7. Nc3 e6 8. Be3 Nge7 9. a3 0-0-0 10. b4 Bxf3 11. gxf3 Qc7 12. Bxc6 Nxc6 13. Bf4 a6 14. Bg3 g5 15. h4 gxh4 16. Rxh4 h5 17. f4 Be7 18. Rh3 h4 19. Bh2 f5 20. Qd3 Rhg8 21. 0-0-0 Kb8 22. Ne2 Rg2 23. Rg1 Rdg8 24. Rxg2 Rxg2 25. Bg1 Qd8 26. Rh1 Qh8 27. Qh3 Qg7 28. Kd2 Na7 29. Bh2 Rg6 30. Ra1 Qh8 31. Nd4 Qc8 32. Qf3 Nc6 33. Ne2 Qd7 34. Qc3 a5 35. Rb1 Nd8 36. Qb3 Rg2 37. Bg1 Kc8 38. Qh3 Rg7 39. Qc3 Qa4 40. b5 Rg2 41. Qh3 Rg7 42. Qc3 1/2-1/2

[Event "GER-ch Seniors 21st"]
[Site "Dresden"]
[Date "2009.08.10"]
[Round "9"]
[White "Mueller, Robert"]
[Black "Rahls, Peter"]
[Result "1/2-1/2"]
[WhiteElo "1995"]
[BlackElo "2235"]
[PlyCount "105"]
[EventDate "2009.08.03"]
[EventType "swiss"]
[EventRounds "9"]
[EventCountry "GER"]
[SourceTitle "CBM 131 Extra"]
[Source "ChessBase"]
[SourceDate "2009.09.03"]
[SourceVersion "2"]
[SourceVersionDate "2009.09.16"]
[SourceQuality "1"]

1. e4 c5 2. Nf3 e6 3. d4 cxd4 4. Nxd4 Nf6 5. Nc3 d6 6. Be3 a6 7. a4 Nbd7 8. f3 Qc7 9. Qd2 Be7 10. Bd3 Ne5 11. f4 Nc4 12. Bxc4 Qxc4 13. b3 Qc7 14. 0-0 Bd7 15. Rae1 Rc8 16. Nde2 0-0 17. Rf3 Bc6 18. Ng3 b5 19. axb5 axb5 20. Qd4 Ng4 21. Nh5 e5 22. Qd3 g6 23. Ng3 b4 24. Nd1 Qb7 25. h3 Nf6 26. fxe5 dxe5 27. Bh6 Rfd8 28. Qe3 Bxe4 29. Nxe4 Nxe4 30. Nf2 f5 31. Nxe4 Qxe4 32. Qxe4 fxe4 33. Rxe4 Rxc2 34. Rxe5 Rd1+ 35. Rf1 Bc5+ 36. Be3 Bxe3+ 37. Rxe3 Rdd2 38. Rg3 Rc3 39. Rff3 Rdc2 40. Rg4 Rxf3 41. gxf3 Rc3 42. Rxb4 Rxf3 43. Kg2 Rf7 44. Rb8+ Kg7 45. Kg3 Kf6 46. Kg4 h5+ 47. Kf4 g5+ 48. Kf3 Ke5+ 49. Ke3 Rf4 50. Re8+ Kd6 51. Rg8 Rb4 52. Rxg5 Rxb3+ 53. Kf2 1/2-1/2

[Event "GER-ch Seniors 21st"]
[Site "Dresden"]
[Date "2009.08.08"]
[Round "7"]
[White "Mueller, Robert"]
[Black "Wuensch, Ulrich"]
[Result "1-0"]
[WhiteElo "1995"]
[BlackElo "2072"]
[PlyCount "85"]
[EventDate "2009.08.03"]
[EventType "swiss"]
[EventRounds "9"]
[EventCountry "GER"]
[SourceTitle "CBM 131 Extra"]
[Source "ChessBase"]
[SourceDate "2009.09.03"]
[SourceVersion "2"]
[SourceVersionDate "2009.09.16"]
[SourceQuality "1"]

1. e4 c5 2. Nf3 Nc6 3. d4 cxd4 4. Nxd4 g6 5. Nc3 Bg7 6. Be3 Nf6 7. Be2 0-0 8. h4 h5 9. Qd2 d5 10. exd5 Nxd5 11. Nxd5 Qxd5 12. Bf3 Qc4 13. b3 Qa6 14. c3 Nxd4 15. cxd4 Rd8 16. Qb4 e5 17. dxe5 Bxe5 18. Rc1 Bg4 19. Bxg4 hxg4 20. Qxg4 Bb2 21. Rc4 b5 22. Rc2 Qxa2 23. 0-0 Qxb3 24. Rc5 Qa4 25. Qe2 Bf6 26. h5 a6 27. hxg6 fxg6 28. Rc6 Rf8 29. Qf3 Bg7 30. Qg3 Qe4 31. Rxg6 Rf7 32. Rd1 Qc2 33. Rc1 Qd3 34. Rc5 Qd1+ 35. Kh2 b4 36. Rcg5 Raa7 37. Bxa7 Rxa7 38. Rxg7+ Rxg7 39. Rxg7+ Kf8 40. Rg8+ Ke7 41. Qe5+ Kd7 42. Rg7+ Kc6 43. Rc7+ 1-0

[Event "GER-ch Seniors 21st"]
[Site "Dresden"]
[Date "2009.08.07"]
[Round "5"]
[White "Mueller, Robert"]
[Black "Mertens, Gottfried"]
[Result "1-0"]
[WhiteElo "1995"]
[BlackElo "2009"]
[PlyCount "83"]
[EventDate "2009.08.03"]
[EventType "swiss"]
[EventRounds "9"]
[EventCountry "GER"]
[SourceTitle "CBM 131 Extra"]
[Source "ChessBase"]
[SourceDate "2009.09.03"]
[SourceVersion "2"]
[SourceVersionDate "2009.09.16"]
[SourceQuality "1"]

1. e4 e6 2. d4 d5 3. e5 c5 4. c3 Nc6 5. Nf3 Qb6 6. Bd3 Bd7 7. dxc5 Bxc5 8. 0-0 Qc7 9. Qe2 f6 10. b4 Be7 11. Bf4 f5 12. a4 h6 13. h4 Qd8 14. h5 Bg5 15. Qd2 Bxf4 16. Qxf4 Nge7 17. Nh4 0-0 18. Na3 Be8 19. b5 Na5 20. Be2 Nb3 21. Rab1 Nc5 22. Nc2 Qa5 23. Nd4 Bf7 24. Rfc1 Rac8 25. g4 fxg4 26. Qxg4 Qb6 27. Kh2 Bxh5 28. Qxh5 Rxf2+ 29. Kg1 Ne4 30. a5 Qxa5 31. Rf1 Qxc3 32. Rxf2 Qg3+ 33. Rg2 Qe3+ 34. Kh2 Qf4+ 35. Kh1 Rc1+ 36. Rxc1 Qxc1+ 37. Bd1 Qe3 38. Qe8+ Kh7 39. Rxg7+ Kxg7 40. Qxe7+ Kg8 41. Qxe6+ Kh8 42. Ng6+ 1-0

[Event "GER-ch Seniors 21st"]
[Site "Dresden"]
[Date "2009.08.04"]
[Round "2"]
[White "Nagorni, Walter"]
[Black "Mueller, Robert"]
[Result "1-0"]
[WhiteElo "2128"]
[BlackElo "1995"]
[PlyCount "119"]
[EventDate "2009.08.03"]
[EventType "swiss"]
[EventRounds "9"]
[EventCountry "GER"]
[SourceTitle "CBM 131 Extra"]
[Source "ChessBase"]
[SourceDate "2009.09.03"]
[SourceVersion "2"]
[SourceVersionDate "2009.09.16"]
[SourceQuality "1"]

1. d4 Nf6 2. g3 e6 3. Bg2 d5 4. c4 Bb4+ 5. Bd2 Bxd2+ 6. Nxd2 0-0 7. Ngf3 b6 8. 0-0 Bb7 9. Rc1 Ne4 10. Qc2 Nxd2 11. Qxd2 Nd7 12. cxd5 Bxd5 13. Rfd1 Nf6 14. Ne5 Bxg2 15. Kxg2 Qd5+ 16. f3 c5 17. e4 Qxa2 18. dxc5 bxc5 19. Rxc5 Rab8 20. Rc2 h6 21. Nc6 Rb6 22. Qd4 Kh8 23. Rdd2 Qb1 24. Qa4 a6 25. Qa5 Nd7 26. Nb4 Rb5 27. Qa2 Qe1 28. Nd3 Qe3 29. Qxa6 Rfb8 30. Qd6 Nf6 31. Ne5 Kg8 32. Qc7 R8b7 33. Rd8+ Kh7 34. Qc8 Rxe5 35. Qxb7 Kg6 36. Rf8 Qd3 37. Qxf7+ Kh7 38. Rf2 Rxe4 39. Rg8 Rg4 40. Rxg7+ Rxg7 41. Qxf6 Qd5 42. Re2 Rb7 43. Qxe6 Qxe6 44. Rxe6 Rxb2+ 45. Kh3 h5 46. f4 Kg7 47. Re5 Kg6 48. Rg5+ Kh6 49. Rc5 Kg6 50. Rc1 Kf5 51. Rg1 h4 52. Rc1 hxg3 53. hxg3 Rb8 54. Rc5+ Ke4 55. Kg4 Rg8+ 56. Rg5 Rh8 57. Re5+ Kd4 58. Re2 Rg8+ 59. Kf3 Rb8 60. f5 1-0